02342cam a22003974i 4500003000900000005001700009008004100026020001800067035002000085040003300105082002100138100003000159245010100189264002700290300003900317336002100356337002500377338002300402490003600425504004000461505128100501526001001782526001001792526001001802526001001812526000801822526000801830526000801838526000801846526000801854526000801862526000801870650002801878650002201906650001601928PE-LiUPU20250731173049.0180104s2016 mau0 rb 000 0 eng d a9789004308213 a(Sirsi) a240853 aPE-LiUPUbspacPE-LiUPUerda04a229.913bO692231 aOrlov, Andrei A.,eautor.14aThe atoning dyad :bthe two goats of Yom Kippur in the Apocalypse of Abraham /cAndrei A. Orlov. 1aBoston :bBrill;c2016 a178 páginas ;c25 centímetros. atext2rdacontent aunmediated2rdamedia avolume2rdacarrier0 aStudia Judaeoslavica ;vVolume 8 aBibliografía : páginas 161-172.0 aAcknowledgements; Abbreviations; Introduction -- Interpretation of the Two Goats' Imagery in Early Jewish and Christian Materials -- Cain and Abel -- Isaac and Ishmael -- Jacob and Esau -- Joseph; The Angel of the Divine Name and Satan in the Book of Zechariah -- Asael in the Book of the Watchers; Barabbas and Jesus in the Gospel of Matthew -- Jesus as the Immolated Goat in the Epistle to the Hebrews -- Jesus as the Scapegoat and the Immolated Goat in Second- and Third-Century Christian Materials -- Azazel as an Eschatological Scapegoat in the Apocalypse of Abraham -- The Sacerdotal Vision of the Slavonic ApocalypseThe Lot of Azazel -- The Crimson Band and the Placement of the Garment of Human Sins on Azazel -- The Ritual Maltreatment of the Scapegoat: Azazel's Accursing; Azazel's Exile into the Wilderness and the Abyss -- Goats to Azazel: The Antagonist as the Recipient of the Scapegoats -- Abraham as an Eschatological Goat for YHWH in the Apocalypse of Abraham -- Abraham as a Sacrificial Offering -- The Lot of God and Abraham; Yahoel's Right Hand -- The Garment of Abraham -- The Antagonistic Movements of the Goats: Abraham's Entrance in the Celestial Holy of HoliesAbraham's Fiery Trials -- Abraham as the Purification Offering for the Polluted Sanctuary. aSEG42 aSEG41 aSEG40 aSEG39 aP94 aP87 aP86 aP85 aP77 aP76 aP3514aApocalipsis de Abraham.24aChivo expiatorio.24aYom Kippur.